000 00582nam a22002297a 4500
003 LK-CoDNM
005 20250131153427.0
008 250131b |||||||| |||| 00| 0 eng d
040 _aLK-CoDNM
_dLK-CoDNM
_eLK-CoDNM
041 _aeng
080 _a13
_bV21
100 _aWoerdeman, M. W.
245 _aAn Atlas of Anatomy - Volume I
260 _aAmsterdam
_bWetenschappelijke Uitgeverij
_g1948
300 _a512p. ; ill , 28cm.
650 _aHuman Body
650 _aAnatomy
650 _aBiiology
650 _aAtlas
650 _aMedical Science
942 _cBK
999 _c237753
_d237753